Responses for show #4256 - Monday, February 17, 2003

Jackie Harrison game 5.

Contestants

Nathaniel Ellis, a graduate student originally from Marlborough, England

Jennifer Garman, a design director from New York, New York

Jackie Harrison, a surgeon from Chicago, Illinois (whose 4-day cash winnings total $66,602)

Jeopardy! Round responses

THE ELEMENTS
PROFESSIONAL SPORTS
OH, K
NOW YOU'RE COOKIN'
IT'S ALL A BUNCH OF LIES
"U" GOTTA BELIEVE ME!
    $200 4
mercury

Jackie
    $200 2
Wayne Gretzky

Jackie
    $200 1
kitchen

Jennifer
    $200 7
(Jackie: What is scald?)
(Nathaniel: What is churning?)

curdling

JackieNathaniel
Triple Stumper
    $200 24
(Alex: Minute to go now.)

George Washington

Jennifer
    $200 18
Utopia

Jackie
    $400 6
lasers

Nathaniel
    $400 10
Joe Montana

Jennifer
    $400 3
gold

Nathaniel
    $400 8
blanching

Nathaniel
    $400 25
(Nathaniel: Come on baby, [*]?)
[Initially ruled incorrect]
...
(Alex: Nathaniel, our judges have ruled that since you didn't give any incorrect information on your response, you will be given a correct.)

"Light My Fire"

JackieNathaniel
    $400 19
Utah

Jennifer
    $600 9
boron

Jennifer
    $600 11
Boston Red Sox

Jackie
    $600 5
Kellogg's

Nathaniel
    $600 14
glazer/glazier

Nathaniel
    $600 26
(Jennifer: Who is Orson Welles?)

Adolf Hitler

Jennifer
Triple Stumper
    $600 20
Uncle Remus

Nathaniel
    $1,500 29
[buzzer sounds to end the round]

chlorine

Jackie
    $800 16
Karl Malone

Triple Stumper
    $800 12
Chrysler

Jackie
    $800 15
deveining

Jennifer
    $800 27
Mark Twain

Jackie
    $800 22
Unfinished

Jackie
    $1000 17
Michael Spinks

Jackie
    $1000 13
Mississippi River

Jackie
    $1000 21
(Egbert) Souse

Triple Stumper
    $1000 28
(Nathaniel: H.L. Mencken?)
(Jackie: Who is H.L. Mencken?)
...
(Alex: This time, it didn't work.)

Will Rogers

JackieNathaniel
Triple Stumper
    $1000 23
Blair Underwood

Jennifer

Scores at the first commercial break (after clue 16):

Jackie Jennifer Nathaniel
$2,600 $2,000 $2,200

Scores at the end of the Jeopardy! Round:

Jackie Jennifer Nathaniel
$6,300 $3,000 $2,200

Double Jeopardy! Round responses

U.S. CITIES
BAD NEWS
RUSSIAN PLAYWRIGHTS
WOMEN'S FASHION
PHOTOGRAPHERS
____ OF THE ____
    $400 6
Charlotte

Triple Stumper
    $400 1
soccer match

Jennifer
    $400 17
Ivan the Terrible

Jackie
    $400 11
hat

Nathaniel
    $400 23
color photography/film

Nathaniel
    $400 12
"Chairman of the Board"

Jackie
    $800 7
Dallas

Nathaniel
    $800 2
lynching

Jennifer
    $800 18
(Nathaniel: What are errors?)

Manners

Nathaniel
Triple Stumper
    $800 19
Ann Taylor

Triple Stumper
    $2,000 24
Spanish Civil War

Nathaniel
    $800 13
Tomb of the Unknown Soldier

Nathaniel
    $1200 8
Fresno

Triple Stumper
    $1200 3
AIDS

Nathaniel
    $1200 20
(Alex: Jackie missed that one!)

maternity wear

Jennifer
    $1200 25
Family

Triple Stumper
    $1200 14
"Last of the Mohicans"

Nathaniel
    $1600 9
(Jackie: What is La Crosse?)

Racine

Jackie
Triple Stumper
    $1600 4
Nepal

Jennifer
    $1600 21
Jimmy Choo

Triple Stumper
    $1600 26
Arbus

Jennifer
    $1600 15
luck of the draw

Nathaniel
    $2000 10
Maine

Jennifer
    $2000 5
Ohio

Triple Stumper
    $2000 22
(Jackie: Who is Pucci?)
...
(Alex: Minute to go.)

Lilly Pulitzer

Jackie
Triple Stumper
    $2000 27
(Nathaniel: Who is Mountbatten?)
[The end-of-round signal sounds.]

Yousuf Karsh

Nathaniel
Triple Stumper
    $5,000 16
(Nathaniel: I don't know.)

freedom of the press

Nathaniel

Scores at the end of the Double Jeopardy! Round:

Jackie Jennifer Nathaniel
$3,500 $10,600 $2,800
(lock game)

[wagering suggestions for these scores]

Final Jeopardy! Round responses

FILMS OF THE '70s
NathanielWhat is Dirty Harry?
$2,798
JackieWhat is Dirty Harry
$3,500
JenniferWhat is The Streets of San Francisco
$600
Dirty Harry

Final scores:

Jackie Jennifer Nathaniel
$7,000 $10,000 $5,598
2nd place: $2,000 New champion: $10,000 3rd place: $1,000

Game dynamics:

Coryat scores:

Jackie Jennifer Nathaniel
$2,800 $10,600 $6,600
13 R
(including 1 DD),
4 W
13 R,
1 W
15 R
(including 1 DD),
5 W
(including 1 DD)

Combined Coryat: $20,000

The J! Archive is created by fans, for fans. The Jeopardy! game show and all elements thereof, including but not limited to copyright and trademark thereto, are the property of Jeopardy Productions, Inc. and are protected under law. This website is not affiliated with, sponsored by, or operated by Jeopardy Productions, Inc. Join the discussion at JBoard.tv.